| 000 | 00408nam a22001337a 4500 | ||
|---|---|---|---|
| 008 | 110711s196? ua|||||r|||| 000 0 ara d | ||
| 082 |
_222 _a239 _b ح ك ي |
||
| 245 |
_aمحمد / _cتوفيق الحكيم |
||
| 260 |
_aالقاهرة : _bمكتبة الآداب، [196? _c[196?] |
||
| 300 |
_a423 ص ؛ _c24 سم |
||
| 650 |
_913450 _aالسيرة النبوية |
||
| 653 |
_bAra _cJuly2011 |
||
| 942 |
_2ddc _cBB |
||
| 999 |
_c15675 _d15675 |
||